Multiple Choice State Quiz – Delaware - Statistics

General Stats
  • This quiz has been taken 10 times
  • The average score is 7 of 10
Answer Stats
Question Answer % Correct
What is the capital of Delaware? Dover
100%
What is the flag of Delaware?
88%
Which recent president of the United States was a senator of Delaware? Joe Biden
88%
Rounded to the nearest whole number, what percent of sales tax does Delaware give? 0%
75%
What isn't the name of one of three Delawarean counties? Devon
75%
What state borders Delaware? Pennsylvania
63%
Delaware's nickname is The First State. What is Delaware the first of? Ratifying the U.S. Constitution
63%
What is the largest city in Delaware? Wilmington
63%
Delaware is bordered to the northeast by what large body of water? Delaware Bay
38%
Which European power colonized Delaware first? Dutch
38%
No matching quizzes found
Score Distribution
Percent of People with Each Score
Percentile by Number Answered
Your Score History
You have not taken this quiz